| 000 | 00617nam a22002057a 4500 | ||
|---|---|---|---|
| 003 | 0 | ||
| 005 | 20230829101536.0 | ||
| 008 | 230829b xxu||||| |||| 00| 0 eng d | ||
| 020 | _a978-1-382-01646-9 | ||
| 050 |
_aTR QD 40 _b.B993 2023 |
||
| 100 | _aBylikin, Sergey | ||
| 245 |
_aChemistry : course companion _cSergey Bylikin |
||
| 250 | _a2023 edition | ||
| 260 |
_aOxford, United Kingdom _bOxford University Press _cc2023. |
||
| 300 |
_axi, 709 pages : _bcol. ill. ; _c28 cm. |
||
| 500 | _aChemistry. | ||
| 504 | _aIncludes bibliographical references and index. | ||
| 650 | _aChemistry. | ||
| 942 |
_2lcc _cBK |
||
| 999 |
_c365217 _d365217 |
||